Easy General Knowledge #1 - Statistics

General Stats
  • This quiz has been taken 241 times
  • The average score is 5 of 10
Answer Stats
Questions Answer % Correct
Capital city of Ireland? Dublin
84%
American olympian, "fastest man in the water"? Michael Phelps
62%
Which TV show features Mr Burns? The Simpsons
62%
Main religion in indonesia? Islam
57%
Current prime minister of the United Kingdom? Theresa May
55%
Only mammal that can't jump? Elephant
53%
What does the white symbolise in the Indian flag? Peace
41%
Who did Miley Cyrus play as on "Hannah Montanna"? Miley Stewart
21%
Netflix original, starring, main character portrayed by "Taylor Schilling" Orange Is The New Black
12%
Longest organ in a human's body? Small intestines
6%
No matching quizzes found
Score Distribution
Percent of People with Each Score
Percentile by Number Answered
Your Score History
You have not taken this quiz